Modernisation of the Mizo society: imperatives and perspectives (Record no. 493705)

000 -LEADER
fixed length control field 00505cam a22001577a 4500
008 - FIXED-LENGTH DATA ELEMENTS--GENERAL INFORMATION
fixed length control field 180718b2003 xxu||||| |||| 00| 0 eng d
020 ## - INTERNATIONAL STANDARD BOOK NUMBER
International Standard Book Number 8170998891
082 ## - DEWEY DECIMAL CLASSIFICATION NUMBER
Classification number B1 P886
100 ## - MAIN ENTRY--PERSONAL NAME
Personal name Prasad, R. N.
245 ## - TITLE STATEMENT
Title Modernisation of the Mizo society: imperatives and perspectives
Statement of responsibility, etc. by R. N. Prasad and A. K. Agarwal
260 ## - PUBLICATION, DISTRIBUTION, ETC.
Place of publication, distribution, etc. New Delhi
Name of publisher, distributor, etc. Mittal
Date of publication, distribution, etc. 2003
300 ## - PHYSICAL DESCRIPTION
Extent 273p.
650 ## - SUBJECT ADDED ENTRY--TOPICAL TERM
Topical term or geographic name entry element Mizoram (India) --Social conditions.
650 ## - SUBJECT ADDED ENTRY--TOPICAL TERM
Topical term or geographic name entry element Mizoram (India) --Economic conditions
700 ## - ADDED ENTRY--PERSONAL NAME
Personal name Agarwak, A. K.
Holdings
Withdrawn status Lost status Damaged status Not for loan Permanent Location Current Location Date acquired Full call number Barcode Date last seen Price effective from Koha item type
        Indian Institute of Public Administration Indian Institute of Public Administration 2018-08-04 B1 P886 GR18240 2018-08-04 2018-08-04 GR

Powered by Koha